000 00499nam a2200169 i 4500
001 104734
003 ES-MaACL
005 20230906183656.0
007 t|
008 051212s1968 sp ||||1| spa d
100 1 _aMiranda Podadera, Luis.
_981556
245 1 0 _aGramática española con prácticas de análisis
_b: curso elemental /
_cLuis Miranda Podadera.
250 _a6ª ed.
260 _aMadrid :
_bHernando,
_c1968.
300 _a160 p. ;
_c20 cm.
852 _aES-MaACL
_jC-50433
_bR.66735
999 _c104734
_d104734